Návrat Petra Karvaša v réžii Pavla Haspru

Bibliographic Details
Main Author: Maťašík, Andrej, 1953-2017 (Author)
Format: Article
Language:Slovak
PhysicalDescription:Fotogr.
ISSN:0037-699X
Subjects:

MARC

LEADER 00000nab a2200000 a 4500
001 vtls008703766
003 SK-MaSNL
005 20260304234048.0
008 250505c2006 xo qr|p|||||||000 b|slo
015 |a SNBRB2006/05  |2 snkbucl 
035 |a urn:nbn:sk:snk-ab8drf 
035 |a (urnnbn)urn:nbn:sk:snk:ar-a09c41 
035 |a (uuid)0fec818c-55a9-4a84-bc16-4cf696bff41e 
038 |a SNKBUCL 
040 |a SNKBUCL  |b slo  |c SNKBUCL  |e AACR2 
041 0 |a slo  |b eng 
044 |a xo  |c SK 
080 |a 792.071.2:792.027.2  |2 2001 
080 |a 792.027.2  |2 2001 
100 1 |a Maťašík, Andrej,  |d 1953-2017  |4 aut  |9 102086 
245 1 0 |a Návrat Petra Karvaša v réžii Pavla Haspru  |c Andrej Maťašík 
300 |b Fotogr. 
546 |a Res. angl. 
600 1 7 |a Haspra, Pavol,  |d 1929-2004  |2 snkbucl  |9 102446 
600 1 7 |a Karvaš, Peter,  |d 1920-1999  |2 snkbucl  |9 103066 
650 0 7 |a divadelná réžia  |2 snkbucl  |9 3341 
773 0 |t Slovenské divadlo  |g Roč. 54, č. 1 (2006), s. 62-69  |x 0037-699X 
850 |a Slovenská národná knižnica 
852 |a Slovenská národná knižnica 
954 |a odborná, vedecká literatúra pôvodná (slovenská)  |2 lita 
958 |a article9 
958 |a OND 
958 |a SK 
958 |a EUIPO 
999 |c 3201879  |d 3203809